000 00618nam a22001697a 4500
008 170211b xxu||||| |||| 00| 0 eng d
020 _a0-8493-2020-8 (alk. paper)
082 _22001
_aDC 364.1
_bV26v
100 _918662
_aVan Kirk, Donald J
245 _aVehicular accident investigation and reconstruction /
_cDonald J. Van Kirk
260 _aBoca Raton, Fla. :
_bCRC Press,
_cc2001.
300 _axxv, 481 pages :
_billustrations ;
_c24 cm.
521 _aIncludes bibliographical references and index.
650 0 _918665
_aTraffic accident investigation
650 0 _918666
_aTraffic accidents
942 _2ddc
_cDC
999 _c6179
_d6179